Guía del Museo Arqueológico de Barcelona / Eduard Ripoll i Perelló ... [et al.]
ISBN:
84-500-4954-7
Descripción Física:
213 p. : amb làm., negre i col. ; 20 cm
Colección:
Guías ; 3
Otros Autores:
Ripoll i Perelló, Eduard, 1923-2006
MARC
| LEADER | 00000nam a2200000Ia 4500 | ||
|---|---|---|---|
| 001 | 2302 | ||
| 008 | 160829s1981 xx 000 0 cat d | ||
| 020 | |a 84-500-4954-7 | ||
| 080 | |a H-1-186 | ||
| 245 | |a Guía del Museo Arqueológico de Barcelona / Eduard Ripoll i Perelló ... [et al.] | ||
| 260 | |a Barcelona : |b Diputación de Barcelona, Instituto de Prehistoria y Arqueología, |c 1981 | ||
| 300 | |a 213 p. : |b amb làm., negre i col. ; |c 20 cm | ||
| 490 | |a Guías ; 3 | ||
| 590 | |a Un altre exemplar en català: H-1-185 | ||
| 610 | 2 | 0 | |a Museu Arqueològic de Barcelona |v Guies |9 55273 |
| 650 | |a Museus |x Catalunya |x Guies |9 49099 | ||
| 700 | 1 | |a Ripoll i Perelló, Eduard, |d 1923-2006 |9 20913 | |
| 710 | 2 | |a Institut de Prehistòria i Arqueologia (Barcelona, Catalunya) |9 52785 | |
| 901 | |a Arxiu | ||
| 942 | |n 1 | ||
| 952 | |0 0 |1 0 |4 0 |6 H1186 |7 1 |9 44812 |a Arxiu |b Arxiu |d 2016-12-01 |l 0 |o H-1-186 |p 2302 |r 2016-12-01 00:00:00 |w 2016-12-01 |y ARXIU | ||
| 999 | |c 47410 |d 47410 | ||